00518nam a2200193 a 4500001001300000003000900013005001700022008004100039020001000080082002300090100001900113245002200132260004700154300000900201500003500210505002500245650003500270700001900305nice12345678IN_TiNIC20260116013932.0050524s1996 bana grp 000 0 eng  ac12000a320.550917645bGOL aGolwalkar, M S aBunch of Thoughts aBangalorebSahitya Sindhu Prakashanac1996 a537p aincludes index and biblioraphy2 aAppendix, References aReligious Fundamentalism-Hindu1 aGolwalkar, M S